000 00230nam a2200085Ia 4500
005 20250523155753.0
008 250523s9999 xx 000 0 und d
245 0 _aEce Yüce/Ece Yazar Olmak İstiyor
_cGülten Dayıoğlu
260 _bALTIN
999 _c12148
_d12148